Taylor Swift Songs by Lyrics - Statistics

General Stats
  • This quiz has been taken 443 times
  • The average score is 7 of 15
Answer Stats
Lyrics Answer % Correct
We were both young when I first saw you. Love Story
98%
It turns out freedom ain't nothing but missing you... Back to December
80%
Don't say I didn't say I didn't warn you. Blank Space
69%
I had the time of my life fighting dragons with you. Long Live
66%
I grabbed a pen and old napkin... Our Song
65%
Faster than the wind, passionate as sin... Red
63%
When the butterflies turned to dust they covered my whole room. Clean
49%
Clear blue water, high tide came and brought you in. This Love
48%
Turn the lock and put my headphones on... Begin Again
44%
Where is this going? Thought I knew for a minute, but I don't anymore. Forever and Always
35%
We fall in love 'til it hurts or bleeds or fades in time. State of Grace
32%
These walls that they put up to hold us back will fall down. Change
30%
September saw a month of tears... Tim McGraw
26%
Wishing the flowers were from you... Superman
17%
You put your arm around me for the first time. Speak Now
12%
No matching quizzes found
Score Distribution
Percent of People with Each Score
Percentile by Number Answered
Your Score History
You have not taken this quiz